[Event "Ann Arbor (HVA/5/2)"]
[Site "?"]
[Date "1991.??.??"]
[Round "?"]
[White "Skidmore, Mike"]
[Black "Turner, P."]
[Result "1-0"]
[WhiteElo "1900"]
[BlackElo "1755"]
[PlyCount "63"]
[EventDate "1991.??.??"]

{5/(2)} 1. e4 c5 2. Nf3 e6 3. c3 a6 4. Be2 Nc6 5. O-O d6 6. d3 Nf6 7. Ng5 h6 8.
Nf3 Be7 9. h3 O-O 10. Nh2 e5 11. f4 Qb6 12. Kh1 c4 13. f5 cxd3 14. Bxd3 d5 15.
exd5 Nxd5 16. Qf3 Nf6 17. Qg3 Kh8 18. Nd2 Nh5 19. Qf3 Nf4 20. Nc4 Qd8 21. Bxf4
exf4 22. Rad1 Bg5 23. Ng4 Qc7 24. Qf2 Bd7 25. h4 b5 26. Nb6 Bxh4 27. Nxa8 Qd8
28. Qxf4 Qxa8 29. Nxh6 Qd8 30. Ng4 Bg5 31. Qh2+ Kg8 32. f6 1-0

[Event "Ann Arbor (HVA/2/2)"]
[Site "?"]
[Date "1991.??.??"]
[Round "?"]
[White "Skidmore, Mike"]
[Black "Schmoldt, J."]
[Result "0-1"]
[WhiteElo "1900"]
[BlackElo "1770"]
[PlyCount "72"]
[EventDate "1991.??.??"]

{2/(2)} 1. e4 c5 2. Nf3 Nc6 3. Bb5 d6 4. Bxc6+ bxc6 5. O-O e5 6. c3 Nf6 7. Qa4
Bd7 8. d4 cxd4 9. Qc2 c5 10. h3 Be7 11. Nh2 Rc8 12. f4 Bc6 13. Re1 Qb6 14. Kh1
O-O 15. Nf3 c4 16. fxe5 d3 17. Qd2 Nxe4 18. Qf4 Nf2+ 19. Kh2 Bxf3 20. Qxf3 dxe5
21. Be3 Qxb2 22. Nd2 Qxc3 23. Qxf2 Qa5 24. Rec1 c3 25. Nb3 Qb4 26. Rab1 c2 27.
Ra1 a5 28. Bd2 Qb5 29. Nxa5 Qd5 30. a4 Bc5 31. Qe1 Rfe8 32. Bc3 e4 33. Qh4 Be7
34. Qe1 e3 35. Qxe3 Bd6+ 36. Be5 Rxe5 0-1

[Event "East Lansing (MOR/7)"]
[Site "?"]
[Date "1991.??.??"]
[Round "?"]
[White "Shull, D."]
[Black "Stanulis, T."]
[Result "1-0"]
[WhiteElo "1605"]
[BlackElo "1605"]
[PlyCount "47"]
[EventDate "1991.??.??"]

1. d4 d5 2. c4 e6 3. Nc3 Nf6 4. Nf3 Be7 5. c5 O-O 6. Bf4 a6 7. e3 Ne4 8. Nxe4
dxe4 9. Ne5 Nd7 10. f3 f5 11. Qc2 Nxe5 12. Bxe5 exf3 13. gxf3 Qd5 14. Qg2 Bf6
15. Bxc7 e5 16. b3 Bh4+ 17. Kd2 Qd7 18. Bxe5 Re8 19. f4 Bd8 20. Bc4+ Kh8 21.
Rag1 Re7 22. h4 Bc7 23. Bf6 Ba5+ 24. Kd3 1-0

[Event "East Lansing (MOR/2)"]
[Site "?"]
[Date "1991.??.??"]
[Round "?"]
[White "Shull, D."]
[Black "Helzer, J."]
[Result "1-0"]
[WhiteElo "1605"]
[BlackElo "1605"]
[PlyCount "67"]
[EventDate "1991.??.??"]

1. d4 d5 2. c4 e6 3. Nc3 c5 4. cxd5 exd5 5. Nf3 Nf6 6. Bf4 cxd4 7. Nxd4 g6 8.
g3 b6 9. Bg2 Bb7 10. Ndb5 Na6 11. O-O Bg7 12. Nd6+ Ke7 13. Nxb7 Qd7 14. Nxd5+
Nxd5 15. Bxd5 Nb4 16. Bg2 Qxd1 17. Rfxd1 Bxb2 18. Rab1 Ba3 19. Bd6+ Kf6 20.
Bxb4 Bxb4 21. Rxb4 Rhe8 22. Nd6 Rad8 23. Nxe8+ Rxe8 24. e4 Rc8 25. Rbd4 Rc2 26.
a4 Kg7 27. Bf1 f5 28. e5 Rc5 29. Re1 Kf7 30. e6+ Ke7 31. Rd7+ Ke8 32. Rxa7 Rc8
33. Rxh7 Ra8 34. Bb5+ 1-0

[Event "East Lansing (MOR/4)"]
[Site "?"]
[Date "1991.??.??"]
[Round "?"]
[White "Shull, D."]
[Black "Collins, E."]
[Result "0-1"]
[WhiteElo "1605"]
[BlackElo "1605"]
[PlyCount "82"]
[EventDate "1991.??.??"]

1. d4 e6 2. e4 d5 3. e5 c5 4. c3 Nc6 5. Nf3 Qb6 6. Be2 f6 7. O-O Bd7 8. a4 fxe5
9. dxe5 Nge7 10. Na3 Ng6 11. Nb5 Ncxe5 12. a5 Qd8 13. Re1 a6 14. Na3 Bd6 15. c4
d4 16. Bd2 O-O 17. Rb1 Bc6 18. b4 d3 19. Nxe5 Bxe5 20. Bg4 Qf6 21. Rf1 Bd4 22.
Be3 Be4 23. bxc5 Rad8 24. Rb6 Bc6 25. Bxe6+ Qxe6 26. Qxd3 Bxc5 27. Bxc5 Rxd3
28. Bxf8 Kxf8 29. Nc2 Qxc4 30. Ne3 Qa4 31. Rbb1 Qxa5 32. Nc4 Qd5 33. Ne3 Rxe3
34. f3 Nf4 35. Rbd1 Rd3 36. Rde1 Bb5 37. Re4 Rd1 38. Rxf4+ Kg8 39. Rxd1 Qxd1+
40. Kf2 Qe2+ 41. Kg3 Qe5 0-1

[Event "East Lansing (MOR/5)"]
[Site "?"]
[Date "1991.??.??"]
[Round "?"]
[White "Shull, D."]
[Black "Carpenter, O."]
[Result "1-0"]
[WhiteElo "1605"]
[BlackElo "1605"]
[PlyCount "58"]
[EventDate "1991.??.??"]

1. d4 Nf6 2. c4 c5 3. Nc3 d6 4. e4 g6 5. Bg5 Bg7 6. dxc5 dxc5 7. Qxd8+ Kxd8 8.
O-O-O+ Ke8 9. Nd5 Nxd5 10. exd5 f6 11. Be3 b6 12. g3 a5 13. Bg2 Ra7 14. Ne2 Rd7
15. Nf4 Rd8 16. Rhe1 Na6 17. Ne6 Bxe6 18. dxe6 Rd6 19. Bf4 Rd4 20. Rxd4 cxd4
21. Rd1 f5 22. b3 h6 23. Be3 Bf6 24. Bxd4 Bxd4 25. Rxd4 Kf8 26. Rd8+ Kg7 27.
Rxh8 Kxh8 28. Kc2 Nb4+ 29. Kb2 Nd3+ 1-0

[Event "East Lansing (MOR/3)"]
[Site "?"]
[Date "1991.??.??"]
[Round "?"]
[White "Shoulders, C."]
[Black "Vaughn, Gerald"]
[Result "0-1"]
[WhiteElo "1605"]
[BlackElo "1605"]
[PlyCount "80"]
[EventDate "1991.??.??"]

1. d4 Nf6 2. c4 g6 3. g3 Bg7 4. Bg2 c6 5. Nf3 d5 6. b3 Nbd7 7. Nc3 O-O 8. O-O
Re8 9. Qc2 Qc7 10. Bf4 e5 11. dxe5 Nxe5 12. Bxe5 Rxe5 13. Nxe5 Qxe5 14. e4 Ng4
15. exd5 Qxc3 16. Qxc3 Bxc3 17. Rad1 Bd7 18. Rd3 Bb4 19. Rfd1 Bc5 20. R1d2 Ne5
21. dxc6 Nxd3 22. cxd7 Bxf2+ 23. Rxf2 Nxf2 24. Kxf2 Rd8 25. Bxb7 Rxd7 26. a4
Rd2+ 27. Kf1 Rb2 28. c5 Rxb3 29. c6 Rc3 30. Ke2 Kf8 31. Kd2 Rc5 32. Kd3 Ke7 33.
Kd4 Kd6 34. h3 Rc1 35. a5 a6 36. Bxa6 Kxc6 37. Bc4 f6 38. a6 Kb6 39. Kd3 g5 40.
Kd4 h5 0-1

[Event "East Lansing (MOR/5)"]
[Site "?"]
[Date "1991.??.??"]
[Round "?"]
[White "Shoulders, C."]
[Black "Shields, S."]
[Result "1/2-1/2"]
[WhiteElo "1605"]
[BlackElo "1605"]
[PlyCount "113"]
[EventDate "1991.??.??"]

1. d4 d5 2. c4 c6 3. g3 Nf6 4. Bg2 e6 5. Nf3 Nbd7 6. O-O b6 7. a3 Bd6 8. Bf4
Bxf4 9. gxf4 O-O 10. Nbd2 Qc7 11. e3 a5 12. Re1 Ba6 13. Qc2 c5 14. e4 Bb7 15.
e5 Ne4 16. Nxe4 dxe4 17. Ng5 Rae8 18. Bxe4 Bxe4 19. Qxe4 g6 20. Re3 f5 21. exf6
Nxf6 22. Qf3 Nh5 23. Nxe6 Rxe6 24. Rxe6 Qf7 25. Rae1 Nxf4 26. Re8 Rxe8 27.
Rxe8+ Qxe8 28. Qxf4 Qd7 29. d5 Qf5 30. Qxf5 gxf5 31. f4 Kf8 32. h4 h5 33. Kf2
Ke7 34. Ke3 Kd6 35. Kd3 Kd7 36. Kc3 Kd6 37. b4 axb4+ 38. axb4 Kd7 39. bxc5 bxc5
40. Kb3 Kc7 41. Ka4 Kb6 42. d6 Kc6 43. d7 Kxd7 44. Kb5 Kd6 45. Kb6 Kd7 46. Kxc5
Ke6 47. Kd4 Kd6 48. c5+ Ke6 49. c6 Kd6 50. c7 Kxc7 51. Ke5 Kd7 52. Kxf5 Ke7 53.
Kg5 Ke6 54. f5+ Kf7 55. f6 Kg8 56. Kg6 Kh8 57. f7 1/2-1/2

[Event "East Lansing (MOR/7)"]
[Site "?"]
[Date "1991.??.??"]
[Round "?"]
[White "Shoulders, C."]
[Black "Hunt, D."]
[Result "1-0"]
[WhiteElo "1605"]
[BlackElo "1605"]
[PlyCount "57"]
[EventDate "1991.??.??"]

1. d4 e6 2. c4 b6 3. g3 Bb7 4. Nf3 Nf6 5. Bg2 Nc6 6. O-O Bd6 7. Nc3 Ne7 8. Qc2
c5 9. Nb5 Be4 10. Nxd6+ Kf8 11. Nxe4 Nxe4 12. Qxe4 d5 13. Qd3 h6 14. e4 Nc6 15.
exd5 Nb4 16. Qe4 exd5 17. cxd5 Nxd5 18. b3 Nf6 19. Qd3 g6 20. Ne5 Qxd4 21. Qxd4
cxd4 22. Bxa8 Kg7 23. Bf3 h5 24. Bb2 Rd8 25. Rad1 Ne8 26. Bxd4 Rc8 27. Nc6+ Nf6
28. Nxa7 Ra8 29. Bxa8 1-0

[Event "East Lansing (MOR/1)"]
[Site "?"]
[Date "1991.??.??"]
[Round "?"]
[White "Shoulders, C."]
[Black "Choyke, J."]
[Result "0-1"]
[WhiteElo "1605"]
[BlackElo "1605"]
[PlyCount "76"]
[EventDate "1991.??.??"]

1. d4 Nf6 2. c4 e6 3. g3 Bb4+ 4. Bd2 Qe7 5. Bg2 Bxd2+ 6. Nxd2 d6 7. Ngf3 Nc6 8.
b4 O-O 9. O-O Nxb4 10. Re1 Nc6 11. e4 e5 12. d5 Nb8 13. a4 a5 14. Rc1 b6 15.
Re3 Na6 16. Ne1 Bd7 17. Nd3 Qe8 18. Ra1 Ng4 19. Re1 f5 20. h3 Nh6 21. f4 exf4
22. Nxf4 Qf7 23. Ne6 Rfe8 24. exf5 Qxf5 25. Rf1 Qe5 26. Nf3 Qe3+ 27. Kh2 Bxe6
28. Re1 Qc5 29. dxe6 Re7 30. Ng5 Rae8 31. Qc2 g6 32. Be4 Qxg5 33. h4 Qc5 34.
Bxg6 Nb4 35. Qe4 Rxe6 36. Bxe8 Rxe4 37. Rxe4 Qf2+ 38. Kh3 Qf5+ 0-1

[Event "East Lansing (MOR/6)"]
[Site "?"]
[Date "1991.??.??"]
[Round "?"]
[White "Short, T."]
[Black "Winkelspecht, A."]
[Result "0-1"]
[WhiteElo "1605"]
[BlackElo "1605"]
[PlyCount "88"]
[EventDate "1991.??.??"]

1. e4 c6 2. Nf3 d5 3. e5 Bg4 4. d4 Nd7 5. h3 Bh5 6. Bd3 e6 7. g4 Bg6 8. Bxg6
hxg6 9. Bg5 Qb6 10. b3 c5 11. c3 cxd4 12. cxd4 Bb4+ 13. Nbd2 Bc3 14. Rc1 Bxd4
15. Nxd4 Qxd4 16. Be3 Qxe5 17. Nf3 Qe4 18. Kf1 Ne5 19. Kg2 Nxf3 20. Qxf3 Qxf3+
21. Kxf3 Ne7 22. Rc7 b6 23. Kg3 d4 24. Bxd4 Nd5 25. Bxg7 Rh7 26. Be5 Nxc7 27.
Bxc7 Rc8 28. Bf4 f6 29. h4 g5 30. Be3 gxh4+ 31. Rxh4 Rxh4 32. Kxh4 Kf7 33. a4
Rc3 34. b4 Rc4 35. Bd2 f5 36. f3 fxg4 37. fxg4 Kg6 38. a5 b5 39. Be3 Rxb4 40.
Bxa7 Ra4 41. Bb6 b4 42. Bc5 b3 43. a6 b2 44. a7 b1=Q 0-1

[Event "East Lansing (MOR/1)"]
[Site "?"]
[Date "1991.??.??"]
[Round "?"]
[White "Short, T."]
[Black "Deese, C."]
[Result "0-1"]
[WhiteElo "1605"]
[BlackElo "1635"]
[PlyCount "124"]
[EventDate "1991.??.??"]

1. e4 c5 2. Nf3 d6 3. Bc4 e6 4. O-O Nf6 5. d3 Nc6 6. Nc3 a6 7. a3 Be7 8. Bd2 b5
9. Ba2 O-O 10. b4 cxb4 11. axb4 Nxb4 12. Bb3 Qb6 13. h3 Nc6 14. Be3 Qb8 15. Ne2
Ne5 16. Nxe5 dxe5 17. f4 exf4 18. Bxf4 e5 19. Be3 Bd7 20. Ng3 Qc8 21. Nf5 Bxf5
22. Rxf5 Nd7 23. Qg4 Nf6 24. Qg3 Bc5 25. Kh1 Bxe3 26. Qxe3 Qe8 27. Qg3 Qe7 28.
Raf1 Kh8 29. Rxe5 Qd6 30. Qf4 Rad8 31. g4 Rd7 32. Kg2 h6 33. Rf5 Qxf4 34. R5xf4
Re7 35. Kg3 Kg8 36. h4 Re5 37. Rf5 Rxf5 38. Rxf5 Nd7 39. Rd5 Rd8 40. e5 Kf8 41.
d4 Ke7 42. Rd6 Ra8 43. Bd5 Ra7 44. c4 bxc4 45. Bxc4 a5 46. Bb5 a4 47. Ra6 Rxa6
48. Bxa6 a3 49. Bc4 Nb6 50. Ba2 Na4 51. Kf4 Nc3 52. Bb3 a2 53. Bxa2 Nxa2 54. g5
hxg5+ 55. hxg5 Ke6 56. Ke4 Nc3+ 57. Kf4 g6 58. Ke3 Kd5 59. Kd3 Ne4 60. Ke3 Nxg5
61. Kf4 Ne6+ 62. Ke3 Nxd4 0-1

[Event "East Lansing (MOR/3)"]
[Site "?"]
[Date "1991.??.??"]
[Round "?"]
[White "Short, T."]
[Black "Aldrich, Justin"]
[Result "1-0"]
[WhiteElo "1605"]
[BlackElo "1605"]
[PlyCount "73"]
[EventDate "1991.??.??"]

1. e4 e5 2. Nf3 Nc6 3. Bc4 Bc5 4. O-O Nf6 5. d3 Nd4 6. c3 Nxf3+ 7. Qxf3 d6 8.
h3 O-O 9. Bg5 h6 10. Be3 a6 11. Qg3 b5 12. Bxh6 g6 13. Bxf8 Qxf8 14. Bb3 a5 15.
Bc2 b4 16. Kh2 Nh5 17. Qf3 bxc3 18. Nxc3 Be6 19. Nd5 Bxd5 20. exd5 Bd4 21. Rab1
Rb8 22. b3 Rb4 23. g4 Nf4 24. h4 Qb8 25. h5 a4 26. hxg6 fxg6 27. Kg3 axb3 28.
Bxb3 Qa8 29. Bc4 Rxc4 30. dxc4 Qxa2 31. Rb8+ Kf7 32. Rb7 Qxc4 33. Rfb1 g5 34.
Qe4 Nd3 35. Qf5+ Ke7 36. Qe6+ Kd8 37. Rb8# 1-0

[Event "East Lansing (MOR/6)"]
[Site "?"]
[Date "1991.??.??"]
[Round "?"]
[White "Shields, S."]
[Black "Workman, K."]
[Result "0-1"]
[WhiteElo "1605"]
[BlackElo "1605"]
[PlyCount "100"]
[EventDate "1991.??.??"]

1. d4 c5 2. Nf3 e6 3. e3 Nf6 4. c4 Nc6 5. a3 d5 6. Bd3 a6 7. O-O dxc4 8. Bxc4
b5 9. Be2 Bb7 10. Nbd2 c4 11. e4 Nxd4 12. Nxd4 Qxd4 13. Nf3 Qxd1 14. Rxd1 Nxe4
15. Rd4 Bc5 16. Be3 Bxd4 17. Bxd4 O-O 18. Rd1 Bd5 19. Ne5 Rad8 20. Bb6 Rc8 21.
Ba5 c3 22. bxc3 Nxc3 23. Bxc3 Rxc3 24. Nd7 Rfc8 25. Nb6 R8c7 26. Nxd5 exd5 27.
Rxd5 g6 28. g3 Rxa3 29. h4 b4 30. h5 Kg7 31. hxg6 hxg6 32. Kg2 a5 33. Bb5 b3
34. Rd3 a4 35. Bxa4 Rxa4 36. Rxb3 Ra2 37. Rf3 f5 38. Kh3 Rc4 39. Kg2 Kf6 40.
Kh3 Kg5 41. Kg2 f4 42. Kh3 fxg3 43. Rxg3+ Kh6 44. f3 Ra3 45. Kg2 Rf4 46. Rh3+
Kg5 47. Rg3+ Kf5 48. Kf2 g5 49. Kg2 g4 50. fxg4+ Rxg4 0-1

[Event "East Lansing (MOR/1)"]
[Site "?"]
[Date "1991.??.??"]
[Round "?"]
[White "Shields, S."]
[Black "Sorenson, D."]
[Result "0-1"]
[WhiteElo "1605"]
[BlackElo "1655"]
[PlyCount "72"]
[EventDate "1991.??.??"]

1. d4 d5 2. Nf3 Nf6 3. e3 Bg4 4. Be2 e6 5. Nbd2 c5 6. c4 Nc6 7. h3 Bh5 8. O-O
Rc8 9. Qc2 cxd4 10. e4 Bg6 11. Bd3 Nb4 12. Qb3 Nxd3 13. Qxd3 dxe4 14. Qxd4 exf3
15. Qxd8+ Rxd8 16. Nxf3 Bc5 17. Bg5 O-O 18. Rac1 Rd7 19. Ne5 Rc7 20. b3 Ne4 21.
Bh4 f6 22. Nxg6 hxg6 23. Kh1 g5 24. Bg3 Nxg3+ 25. fxg3 Rd8 26. Rce1 e5 27. Rf5
Rd2 28. Ref1 Rcd7 29. h4 g4 30. h5 Rxa2 31. h6 Rdd2 32. h7+ Kxh7 33. Rh5+ Kg8
34. Rh2 e4 35. Rh4 Rxg2 36. Rf4 Rg1# 0-1

[Event "Flint (MI Senior/2)"]
[Site "?"]
[Date "1991.??.??"]
[Round "?"]
[White "Shields, S."]
[Black "Rosebrook, G."]
[Result "0-1"]
[WhiteElo "1605"]
[BlackElo "1605"]
[PlyCount "98"]
[EventDate "1991.??.??"]

1. d4 Nf6 2. Nf3 d5 3. e3 Bg4 4. Bd3 c5 5. c3 e6 6. Nbd2 Bd6 7. O-O e5 8. e4
Nc6 9. Qc2 Rc8 10. h3 Bxf3 11. Nxf3 cxd4 12. c4 Nb4 13. Qe2 Nxd3 14. Qxd3 Nxe4
15. cxd5 Nc5 16. Qd1 O-O 17. Re1 f6 18. b4 Nd7 19. Nh2 Bxb4 20. Bd2 Bd6 21. a3
Re8 22. Ng4 Re7 23. Bb4 Nb6 24. Nxf6+ gxf6 25. Qg4+ Rg7 26. Qe6+ Kh8 27. Bxd6
Nc4 28. Rac1 Rd7 29. Bb4 a5 30. Be7 Qxe7 31. Qxe7 Rxe7 32. Re4 f5 33. Rh4 Rec7
34. Rh5 Nd6 35. Rxc7 Rxc7 36. Rh6 Rd7 37. Re6 e4 38. Kf1 d3 39. Ke1 b5 40. Kd2
Nc4+ 41. Kd1 Nxa3 42. d6 b4 43. Re8+ Kg7 44. Rc8 Rxd6 45. Rc7+ Kg6 46. g3 b3
47. h4 b2 48. Rb7 b1=Q+ 49. Rxb1 Nxb1 0-1

[Event "East Lansing (MOR/4)"]
[Site "?"]
[Date "1991.??.??"]
[Round "?"]
[White "Shields, S."]
[Black "Randall, Paul"]
[Result "0-1"]
[WhiteElo "1605"]
[BlackElo "1605"]
[PlyCount "64"]
[EventDate "1991.??.??"]

1. d4 Nf6 2. c4 g6 3. Nf3 Bg7 4. e3 O-O 5. Bd3 d6 6. O-O Re8 7. Re1 e5 8. e4
exd4 9. Nxd4 Nc6 10. Nxc6 bxc6 11. Bg5 h6 12. Bh4 g5 13. Bg3 d5 14. Nd2 Ng4 15.
Qc2 Rb8 16. Rab1 h5 17. f4 Bd4+ 18. Kh1 h4 19. Nf3 dxe4 20. Bxe4 hxg3 21. hxg3
Rxe4 22. Qxe4 Nf2+ 23. Kh2 Nxe4 24. Rxe4 c5 25. Ree1 Qf6 26. Re8+ Kg7 27. fxg5
Qg6 28. Re4 Bf5 29. Rh4 Bxb1 30. Rh6 Rh8 31. Rxh8 Kxh8 32. Nh4 Qxg5 0-1

[Event "Flint (MI Senior/3)"]
[Site "?"]
[Date "1991.??.??"]
[Round "?"]
[White "Shields, S."]
[Black "Moore, H."]
[Result "0-1"]
[WhiteElo "1605"]
[BlackElo "1605"]
[PlyCount "42"]
[EventDate "1991.??.??"]

1. d4 g6 2. Nf3 Bg7 3. e3 d6 4. c4 Nf6 5. Bd3 c6 6. Nbd2 Nbd7 7. a3 e5 8. b4
Qe7 9. e4 exd4 10. Bb2 c5 11. b5 Nh5 12. O-O Nf4 13. Qc2 Ne5 14. Nxe5 Qg5 15.
g3 Nh3+ 16. Kg2 Qxe5 17. Nf3 Qh5 18. Qe2 Bg4 19. Rh1 Ng5 20. Qd2 Bh3+ 21. Kg1
Nxf3# 0-1

[Event "East Lansing (MOR/7)"]
[Site "?"]
[Date "1991.??.??"]
[Round "?"]
[White "Shields, B."]
[Black "Sanborn, Neil"]
[Result "1-0"]
[WhiteElo "1605"]
[BlackElo "1605"]
[PlyCount "155"]
[EventDate "1991.??.??"]

1. d4 d5 2. Nf3 Bg4 3. e3 Nc6 4. c4 e6 5. cxd5 Qxd5 6. Nbd2 Bb4 7. Be2 O-O-O 8.
O-O Qh5 9. Ne4 Bd6 10. Ng3 Bxg3 11. fxg3 Nf6 12. Bd2 Ne4 13. Be1 e5 14. d5 Rd6
15. Qa4 Nc5 16. Qc4 e4 17. dxc6 exf3 18. cxb7+ Nxb7 19. Rc1 Rd7 20. gxf3 Bh3
21. Rf2 Re8 22. f4 Bg4 23. Qa6 Rxe3 24. Bxg4 Qxg4 25. Qxa7 Rde7 26. Bb4 Nd6 27.
Rxc7+ Rxc7 28. Qxe3 Qd1+ 29. Rf1 Nc4 30. Qe8+ Qd8 31. Qxd8+ Kxd8 32. b3 Rb7 33.
Bc3 Ne3 34. Rf3 Nd5 35. Bxg7 f6 36. Rd3 Rxg7 37. Rxd5+ Ke7 38. a4 Ke6 39. Rd4
Ra7 40. Kf2 Kf5 41. Kf3 h5 42. h4 Ke6 43. Rc4 Kd5 44. Ke3 Rb7 45. Rc3 Ra7 46.
Rd3+ Ke6 47. Rd4 f5 48. Kd3 Rg7 49. Kc4 Rc7+ 50. Kb4 Rb7+ 51. Ka3 Rg7 52. Rd3
Rd7 53. Rxd7 Kxd7 54. a5 Kc6 55. Kb4 Kb7 56. Kb5 Kc7 57. b4 Kb7 58. Ka4 Ka6 59.
b5+ Kb7 60. Kb4 Ka7 61. Kc5 Kb7 62. Kd6 Ka7 63. Kc7 Ka8 64. Kd6 Kb7 65. Ke5 Kc7
66. Kxf5 Kd6 67. Kg5 Kc5 68. f5 Kxb5 69. f6 Kxa5 70. f7 Kb5 71. f8=Q Kc4 72.
Qd6 Kb5 73. Kf5 Kc4 74. Ke4 Kb5 75. Kd4 Ka4 76. Kc4 Ka5 77. Qb8 Ka6 78. Kc5 1-0

[Event "Flint (MI Senior/2)"]
[Site "?"]
[Date "1991.??.??"]
[Round "?"]
[White "Shields, B."]
[Black "Repas, B."]
[Result "0-1"]
[WhiteElo "1605"]
[BlackElo "1605"]
[PlyCount "62"]
[EventDate "1991.??.??"]

1. d4 d5 2. Nf3 Nf6 3. Bf4 Nc6 4. h3 g6 5. e3 a6 6. Bd3 Bg7 7. c4 O-O 8. cxd5
Nb4 9. e4 Nh5 10. Bh2 Nxd3+ 11. Qxd3 Re8 12. O-O e6 13. Nc3 Bd7 14. Qc4 exd5
15. Qxd5 c6 16. Qb3 b5 17. e5 Qc8 18. Ng5 Re7 19. Nce4 h6 20. Nd6 Qf8 21. Ngxf7
Kh7 22. g4 Be6 23. Qd3 Rxf7 24. gxh5 Bf5 25. Qf3 Rc7 26. Rac1 Bd7 27. Qe4 Bf5
28. Qf3 Bd7 29. hxg6+ Kxg6 30. Kh1 Qxf3+ 31. Kg1 Bxh3 0-1

[Event "East Lansing (MOR/5)"]
[Site "?"]
[Date "1991.??.??"]
[Round "?"]
[White "Shields, B."]
[Black "Letourneau, Keith"]
[Result "0-1"]
[WhiteElo "1605"]
[BlackElo "1640"]
[PlyCount "56"]
[EventDate "1991.??.??"]

1. d4 e6 2. Nf3 c5 3. c3 cxd4 4. cxd4 d5 5. e3 Nc6 6. a3 Bd6 7. Bd3 Nf6 8. Nbd2
Qc7 9. O-O e5 10. dxe5 Nxe5 11. Nxe5 Bxe5 12. f4 Bd6 13. Nf3 O-O 14. Bd2 Qb6
15. Qc2 Bxf4 16. Nd4 Be5 17. Bc3 Qc7 18. g3 Bh3 19. Nb5 Qb8 20. Bxe5 Qxe5 21.
Rfe1 Ne4 22. Qc7 Qxb2 23. Be2 Rac8 24. Qxb7 Rc2 25. Qxd5 Re8 26. Rab1 Rxe2 27.
Rf1 Rg2+ 28. Kh1 Rxh2+ 0-1

[Event "East Lansing (MOR/1)"]
[Site "?"]
[Date "1991.??.??"]
[Round "?"]
[White "Shields, B."]
[Black "Grzegorczyk, Ron"]
[Result "1-0"]
[WhiteElo "1605"]
[BlackElo "1735"]
[PlyCount "47"]
[EventDate "1991.??.??"]

1. d4 d5 2. Nf3 Nf6 3. e3 a6 4. c4 e6 5. Bd3 Be7 6. Nbd2 O-O 7. O-O c5 8. e4
dxe4 9. Nxe4 cxd4 10. Ne5 Nxe4 11. Bxe4 Bg5 12. f4 Bh6 13. Ng4 Bxf4 14. Bxf4 f5
15. Nh6+ gxh6 16. Bxh6 Rf7 17. Bd3 Nc6 18. Rf3 Ne5 19. Rg3+ Kh8 20. Qh5 Bd7 21.
Bf4 Ng4 22. Qxf7 Qh4 23. Be5+ Nxe5 24. Qg7# 1-0

[Event "Flint (MI Senior/4)"]
[Site "?"]
[Date "1991.??.??"]
[Round "?"]
[White "Shields, B."]
[Black "Foord, Allan"]
[Result "0-1"]
[WhiteElo "1605"]
[BlackElo "1700"]
[PlyCount "120"]
[EventDate "1991.??.??"]

1. d4 Nf6 2. Nf3 g6 3. Bf4 Bg7 4. h3 c5 5. c3 Qb6 6. Qc2 Nc6 7. e3 d6 8. Bd3
O-O 9. Nbd2 Bd7 10. O-O cxd4 11. cxd4 Rac8 12. Nc4 Qd8 13. a3 d5 14. Ncd2 Nxd4
15. Qd1 Bb5 16. Bxb5 Nxb5 17. Qa4 a6 18. Qb4 Qd7 19. Ne5 Qd6 20. Qb3 Nh5 21.
Nxf7 Qf6 22. Ng5 Nxf4 23. exf4 Qxf4 24. Qxd5+ Kh8 25. Ne6 Qf5 26. Qb3 Rf6 27.
Nxg7 Kxg7 28. Qb4 Re6 29. a4 Nd6 30. Rfe1 Rc2 31. Qd4+ Qf6 32. Qxf6+ Kxf6 33.
Rxe6+ Kxe6 34. Nf3 Rxb2 35. Ng5+ Kf5 36. Nxh7 b6 37. Ra3 Rb1+ 38. Kh2 Rb4 39.
Rf3+ Rf4 40. g4+ Ke5 41. Re3+ Re4 42. Rxe4+ Nxe4 43. f3 Nc3 44. h4 Nxa4 45. Nf8
Kf6 46. f4 b5 47. Nd7+ Kg7 48. Ne5 b4 49. Nc4 b3 50. Na3 Nc3 51. Kg2 b2 52. Kf2
b1=Q 53. Nxb1 Nxb1 54. Ke2 Nc3+ 55. Kd3 Nd5 56. Ke4 Nf6+ 57. Kf3 Nxg4 58. Kxg4
a5 59. h5 gxh5+ 60. Kxh5 a4 0-1

[Event "East Lansing (MOR/2)"]
[Site "?"]
[Date "1991.??.??"]
[Round "?"]
[White "Shields, B."]
[Black "Brown, F."]
[Result "0-1"]
[WhiteElo "1605"]
[BlackElo "1680"]
[PlyCount "81"]
[EventDate "1991.??.??"]

1. d4 d5 2. Nf3 Nf6 3. e3 Bf5 4. c4 c6 5. Nbd2 e6 6. Ne5 Nbd7 7. Ndf3 Be7 8.
Qb3 Qc7 9. Be2 Be4 10. Nxf7 Kxf7 11. Ng5+ Kg8 12. Nxe6 Qd6 13. Nf4 Rb8 14. c5
Qc7 15. Ne6 Qc8 16. f3 Bf5 17. Ng5 h6 18. e4 Bg6 19. Ne6 Bf7 20. exd5 Nxd5 21.
Nxg7 Kxg7 22. f4 Nxf4 23. Qg3+ Ng6 24. O-O Qe8 25. b4 Bd5 26. Bf4 Rd8 27. a3
Bf6 28. Be3 Ndf8 29. h4 Bxh4 30. Qh3 Qe7 31. Bd3 Re8 32. Bd2 Bf6 33. Rae1 Bxd4+
34. Kh1 Qd7 35. Bf5 Be6 36. Rd1 Bxf5 37. Rxf5 Re4 38. Bc3 Rh4 39. Bxd4+ Kh7 40.
Kg1 Rxh3 41. Rf2 0-1

[Event "Ann Arbor (HVA/1/10)"]
[Site "?"]
[Date "1991.??.??"]
[Round "?"]
[White "Shelters, Richard"]
[Black "Turner, P."]
[Result "0-1"]
[WhiteElo "1605"]
[BlackElo "1755"]
[PlyCount "58"]
[EventDate "1991.??.??"]

{1/(10)} 1. e4 c5 2. Bc4 e6 3. Nf3 Nc6 4. O-O d6 5. Nc3 Nf6 6. d3 Be7 7. Bd2 a6
8. a3 Qc7 9. Re1 Bd7 10. Bf4 Ng4 11. h3 Nge5 12. Ba2 Nxf3+ 13. Qxf3 Nd4 14. Qd1
Bf6 15. Rb1 O-O 16. Qd2 Bc6 17. Ne2 e5 18. Nxd4 cxd4 19. Bg5 Bxg5 20. Qxg5 h6
21. Qh5 Rad8 22. Re2 d5 23. f3 Qd6 24. exd5 Bxd5 25. Bxd5 Qxd5 26. Rxe5 Qa2 27.
Ree1 Rc8 28. Rec1 Rxc2 29. Rxc2 Qxb1+ 0-1

[Event "Ann Arbor (HVA/3/15)"]
[Site "?"]
[Date "1991.??.??"]
[Round "?"]
[White "Shelters, Richard"]
[Black "Rosebrook, G."]
[Result "1-0"]
[WhiteElo "1605"]
[BlackElo "1605"]
[PlyCount "53"]
[EventDate "1991.??.??"]

{3/(15)} 1. e4 c5 2. Nf3 e6 3. Bc4 a6 4. a3 Nc6 5. O-O Be7 6. d4 cxd4 7. Nxd4
Ne5 8. Bb3 Nf6 9. Re1 Qc7 10. h3 b5 11. Bg5 Bb7 12. Nd2 d5 13. Bxf6 gxf6 14.
exd5 Rg8 15. N2f3 Bc5 16. Nxe5 fxe5 17. Nf3 O-O-O 18. c4 f6 19. Rc1 b4 20. axb4
Bxb4 21. Re3 Bc5 22. Re1 Qg7 23. Nh4 Bxf2+ 24. Kxf2 Qg3+ 25. Kf1 Qxb3 26. Qxb3
Rg5 27. Re4 1-0

[Event "East Lansing (MOR/7)"]
[Site "?"]
[Date "1991.??.??"]
[Round "?"]
[White "Scriber, Darin"]
[Black "Vega, D."]
[Result "0-1"]
[WhiteElo "1605"]
[BlackElo "1665"]
[PlyCount "60"]
[EventDate "1991.??.??"]

1. e4 e5 2. f4 exf4 3. Nc3 Qh4+ 4. Ke2 d6 5. Nf3 Bg4 6. Nd5 Na6 7. Qe1 Qh6 8.
Kf2 O-O-O 9. d4 Nb8 10. Bxf4 Qh5 11. Qc3 Nc6 12. Bc4 Nge7 13. Ne3 Bxf3 14. gxf3
Kb8 15. b4 d5 16. exd5 Qh4+ 17. Bg3 Qxd4 18. Qxd4 Nxd4 19. c3 Ndf5 20. Nxf5
Nxf5 21. Be5 f6 22. Bg3 g5 23. h4 Nxg3 24. Kxg3 Bd6+ 25. Kf2 Rde8 26. hxg5 fxg5
27. Bd3 Re7 28. Rae1 Rxe1 29. Rxe1 Kc8 30. Bxh7 Rxh7 0-1

[Event "East Lansing (MOR/2)"]
[Site "?"]
[Date "1991.??.??"]
[Round "?"]
[White "Scriber, Darin"]
[Black "Saulmon, Scott"]
[Result "1-0"]
[WhiteElo "1605"]
[BlackElo "1725"]
[PlyCount "77"]
[EventDate "1991.??.??"]

1. e4 e6 2. d4 d5 3. Nd2 Nf6 4. e5 Nfd7 5. Bd3 c5 6. c3 Nc6 7. Ne2 f6 8. Nf4 g6
9. Nxe6 Qb6 10. Nxf8 Rxf8 11. exf6 Nxf6 12. dxc5 Qxc5 13. O-O Bg4 14. Re1+ Kd7
15. Be2 Kc7 16. Nb3 Bxe2 17. Nxc5 Bxd1 18. Ne6+ Kd6 19. Bf4+ Kd7 20. Nxf8+ Rxf8
21. Raxd1 Ne7 22. c4 Rf7 23. cxd5 Nexd5 24. Bg5 Kc8 25. Rc1+ Kd7 26. Red1 Ke6
27. Bxf6 Rxf6 28. g3 Rf8 29. Rxd5 Kxd5 30. Rc7 h5 31. Rxb7 Ke4 32. Rxa7 Rd8 33.
Re7+ Kf3 34. Re3+ Kg4 35. Kg2 Rd2 36. b4 Rxa2 37. Rb3 Ra6 38. Rc3 Rb6 39. Rc5
1-0

[Event "East Lansing (MOR/4)"]
[Site "?"]
[Date "1991.??.??"]
[Round "?"]
[White "Scriber, Darin"]
[Black "Nimylowych, W."]
[Result "0-1"]
[WhiteElo "1605"]
[BlackElo "1705"]
[PlyCount "62"]
[EventDate "1991.??.??"]

1. e4 c5 2. Nf3 Nc6 3. d4 cxd4 4. Nxd4 e6 5. Nc3 a6 6. f4 Nxd4 7. Qxd4 Ne7 8.
Bc4 Nc6 9. Qf2 Be7 10. Be3 Bb4 11. Bd2 b5 12. Bd3 Ba5 13. O-O-O Bb6 14. Be3 Rb8
15. Rhe1 Nb4 16. f5 Bxe3+ 17. Qxe3 Qb6 18. Qg5 Rg8 19. fxe6 Nxd3+ 20. Rxd3 dxe6
21. Red1 f6 22. Qh5+ Ke7 23. Qxh7 Kf7 24. Rf1 Bb7 25. a3 Rbd8 26. Rdf3 f5 27.
g4 Rh8 28. Qxg7+ Kxg7 29. gxf5 Rdf8 30. Rg3+ Kf7 31. fxe6+ Ke8 0-1